Kanye West- Most Streamed Song in Album - Statistics

General Stats
  • This quiz has been taken 130 times
  • The average score is 11 of 14
Answer Stats
Hint Answer % Correct
808s and Heartbreak- 766M Streams Heartless
95%
Late Registration- 877M Streams Gold Digger
93%
Watch the Throne- 1.09B Streams N****s in Paris
92%
Yeezus- 612M Streams Bound 2
91%
Graduation- 1.14B Streams Stronger
90%
College Dropout- 401M Streams All Falls Down
89%
Vultures 1- 501M Streams CARNIVAL
89%
The Life of Pablo- 654M Streams Father Stretch My Hands, Pt. 1
88%
My Beautiful Dark Twisted Fantasy- 784M Streams POWER
86%
Kids See Ghosts- 279M Streams Reborn
59%
Donda- 347M Streams Praise God
56%
Jesus Is King- 314M Streams Follow God
54%
Ye- 407M Streams All Mine
53%
Vultures 2- 9.8M Streams Field Trip
50%
No matching quizzes found
Score Distribution
Percent of People with Each Score
Percentile by Number Answered
Your Score History
You have not taken this quiz